[Event "Sabadell Coral Colon op 13th"]
[Site "Sabadell"]
[Date "2019.03.01"]
[Round "2"]
[White "Martinez Ferrer, Albert"]
[Black "Gonzalez Danilow, Aleynovitch"]
[Result "1/2-1/2"]
[WhiteElo "1819"]
[BlackElo "2000"]
[PlyCount "105"]
[EventDate "2019.02.22"]
[EventType "swiss"]
[EventRounds "8"]
[EventCountry "ESP"]
[SourceTitle "CBM 190 Extra"]
[Source "ChessBase"]
[SourceDate "2019.07.15"]
[SourceVersion "1"]
[SourceVersionDate "2019.07.15"]
[SourceQuality "1"]

1. d4 Nf6 2. Nf3 e6 3. Bf4 c5 4. e3 Nh5 5. Bg5 Qb6 6. Qc1 f6 7. Bh4 g5 8. Bg3 Nxg3 9. hxg3 g4 10. dxc5 Bxc5 11. Nfd2 d5 12. Nb3 Bd6 13. Bd3 f5 14. c4 Bb4+ 15. Kf1 dxc4 16. Qxc4 Nc6 17. Nc3 Ne5 18. Qb5+ Qxb5 19. Bxb5+ Kf7 20. Rd1 a6 21. Be2 Bd7 22. f4 gxf3 23. gxf3 Bc6 24. Nd4 Bxc3 25. Nxc6 Nxc6 26. bxc3 Ke7 27. Kf2 Rac8 28. f4 Nd8 29. c4 Nf7 30. Rd4 Nd6 31. Bd3 Rc5 32. Kf3 Nf7 33. Rb1 Rb8 34. Rb6 e5 35. fxe5 Nxe5+ 36. Ke2 Nxd3 37. Kxd3 Ra5 38. Rb2 Ra3+ 39. Ke2 Ke6 40. Kf3 b5 41. cxb5 Rxb5 42. Rxb5 axb5 43. Rb4 Ra5 44. Kf4 Rxa2 45. Rxb5 Rf2+ 46. Kg5 Rf3 47. Rb6+ Ke5 48. Rb5+ Ke4 49. Rb4+ Kxe3 50. Rb3+ Ke4 51. Rxf3 Kxf3 52. Kxf5 Kxg3 53. Kg5 1/2-1/2

[Event "Sabadell Coral Colon op 12th"]
[Site "Sabadell"]
[Date "2018.04.13"]
[Round "9"]
[White "Gonzalez Danilow, Aleynovitch"]
[Black "Maqueda Berdugo, Francisco"]
[Result "1/2-1/2"]
[WhiteElo "1855"]
[BlackElo "1663"]
[PlyCount "38"]
[EventDate "2018.02.09"]
[EventType "swiss"]
[EventRounds "9"]
[EventCountry "ESP"]
[SourceTitle "EXT 2019"]
[Source "ChessBase"]
[SourceDate "2018.10.10"]
[SourceVersion "1"]
[SourceVersionDate "2018.10.10"]
[SourceQuality "1"]

1. d4 d5 2. c4 e6 3. Nc3 Nf6 4. Bg5 Be7 5. Nf3 0-0 6. e3 h6 7. Bh4 Ne4 8. Bxe7 Qxe7 9. cxd5 Nxc3 10. bxc3 exd5 11. Qb3 Rd8 12. Bd3 c5 13. dxc5 Qxc5 14. 0-0 Nc6 15. Rad1 Bg4 16. Qxb7 Qxc3 17. Rc1 Qxd3 18. Rxc6 Bxf3 19. gxf3 Qf5 1/2-1/2